000 00370nam a2200145Ia 4500
008 210210b1994 xxu||||| |||| 00| 0 eng d
082 _a346.065 KUCB
100 _aKUCHHAL (M C).
245 _aBusiness law.
260 _aND
_bVikas Publishing House Pvt Ltd.
_c1994
300 _axxvi,3,5.20,B.3
650 _aBusiness law
690 _aBusiness Law
906 _a051672
999 _c100365
_d100365